ბათუმის შოთა რუსთაველის სახელმწიფო უნივერსიტეტის ბიბლიოთეკა

უფლისციხე / (ბიბ.ჩანაწერი № 59791)

000 -ლიდერი
ფიქსირებული სიგრძის საკონტროლო ველი 01403nam a22002177a 4500
003 - საკონტროლო ნომრის იდენტიფიკატორი
საკონტროლო ველი Ge_BSU
005 - ბოლო ოპერაციის თარიღი და დრო
საკონტროლო ველი 20230419115914.0
008 - ფიქსირებული სიგრძის მონაცემთა ელემენტები - ზოგადი ინფორმაცია
ფიქსირებული სიგრძის საკონტროლო ველი 230419s2002 ge ||||| |||| 00| 0 geo d
020 ## - წიგნის საერთაშორისო სტანდარტული ნომერი
International Standard Book Number 9992865814
041 ## - ენის კოდი
Language code of text/sound track or separate title geo
080 ## - უნივერსალური ათობითი კლასიფიკაციის ინდექსი
Universal Decimal Classification number 903.35(479.22)+725.1 ყ-56
100 ## - მთავარი ჩანაწერი - პიროვნების სახელი
Personal name ყიფიანი, გურამ
9 (RLIN) 13514
245 ## - ცნობა სათაურის შესახებ
Title უფლისციხე /
Statement of responsibility, etc გურამ ყიფიანი; [რედ.: რისმაგ გორდეზიანი]; თსუ, კლასიკ. ფილოლოგიის, ბიზანტინისტიკისა და ნეოგრეცისტიკის ინ-ტი.
264 ## - წარმოების, გამოცემის, დისტრიბუციის და სხვა ცნობები
გამოცემის, წარმოების, დისტრიბუციის... ადგილი თბილისი :
გამოცემის, წარმოების, დისტრიბუციის... სახელწოდება პროგრამა "ლოგოსი",
გამოცემის, წარმოების, დისტრიბუციის... თარიღი 2002.
300 ## - ფიზიკური აღწერა
Extent 174 გვ. :
Other physical details ტაბ. ილ;
Dimensions 20 სმ.
490 ## - სერიის ცნობა
Series statement ლოგოსის გზამკვლევი
Volume number/sequential designation პუბლიკაციები და ღონისძიებები კლასიკური ფილოლოგიის, ბიზანტინისტიკისა და ნეოგრეცისტიკის სფეროში
501 ## - შენიშვნა თანმხლებ მასალაზე
With note შემოკლებათა განმარტება გვ. 92
504 ## - BIBLIOGRAPHY, ETC. NOTE
Bibliography, etc ბიბლიოგრ. გვ. 93
700 ## - ADDED ENTRY--PERSONAL NAME
Personal name გორდეზიანი, რისმაგ
Relator term რედაქტორი
9 (RLIN) 17673
942 ## - ADDED ENTRY ELEMENTS (KOHA)
Source of classification or shelving scheme
Koha item type წიგნი
ეგზემპლარები
ჩამოწერის სტატუსი დაკარგული ეგზემპლარის სტატუსი კლასიფიკაციის წყარო ან თაროზე გაწყობის სქემა დაზიანების სტატუსი არ გაიცემა მუდმივი მდებარეობა (დაცვის ადგილი) ამჟამინდელი ადგილსამყოფელი თაროზე განთავსების ადგილი შეძენის თარიღი ღირებულება, შესყიდვის ნორმალური ფასი სრული შენახვის შიფრი შტრიხკოდი ბოლო ოპერაციის თარიღი ეგზემპლარის მიმდევრობითი ნომერი (კეტერი?) Uniform Resource Identifier ფასის ძალაში შესვლის თარიღი ეგზემპლარის სახეობა საჯარო შენიშვნა
          ბათუმის შოთა რუსთაველის სახელმწიფო უნივერსიტეტის მთავარი ბიბლიოთეკა ბათუმის შოთა რუსთაველის სახელმწიფო უნივერსიტეტის მთავარი ბიბლიოთეკა წიგნსაცავი 2023-04-19 5.00 903.35(479.22)+725.1 ყ-56 64267 2023-04-19 64267 ბსუ-ს საპატიო დოქტორის გურამ ლორთქიფანიძის საჩუქარი 2023-04-19 წიგნი 5 ლ.